| 000 | 01272nam a2200253Ia 4500 | ||
|---|---|---|---|
| 003 | Ost | ||
| 005 | 20260507075653.0 | ||
| 008 | 260507s9999||||xx |||||||||||||| ||und|| | ||
| 020 | _a×509119957 | ||
| 040 | _cfsecg | ||
| 041 | _aara | ||
| 082 | _a658.848 | ||
| 100 |
_aالضمور، هاني حامد _eمؤلف |
||
| 245 | 0 |
_aالتسويق الدولي / _c هاني حامد الضمور |
|
| 250 | _aطبعة 3 | ||
| 260 |
_aعمان: _bدار وائل للنشر والتوزيع, _c2004 |
||
| 300 |
_a431 صفحة؛ _bإيضاحات ؛ _c25 سم |
||
| 504 | _aالمراجع ص.427 | ||
| 520 | _aماهية التسويق الدولي- نظريات السلوك التسويق الدولي- تقييم البيئة التسويقية الدولية- بحوث التسويق ونظام المعلومات الدولية- استراتيجيات تقييم واختيار الاسواق الدولية- سياسات المنتجات الدولية- سياسات التسعير الدولية- سياسات الترويج الدولية- إجراءات التبادل التجاري في التجارة الدولية. | ||
| 653 | _aالتجارة الدولية | ||
| 653 | _aالتسويق | ||
| 653 | _aالتسويق الدولي | ||
| 942 | _cكتاب | ||
| 999 |
_c45652 _d45652 |
||